OECD Reviews of Labour Market and Social Policies: Costa Rica

Saved in:
Bibliographic Details
Format: Book
Language:English
Published: Paris OECD 2017
Series:OECD Reviews of Labour Market and Social Policies
Subjects:
Tags: Add Tag
No Tags, Be the first to tag this record!

MARC

LEADER 00000nam$a2200000$$$4500
001 0240968
005 20240314123339.4
020 |a 978-92-64-27989-6 
041 0 |a eng 
044 |a FR 
245 1 0 |a OECD Reviews of Labour Market and Social Policies: Costa Rica 
264 1 |a Paris  |b OECD  |c 2017 
300 |a 200 s. 
490 1 |a OECD Reviews of Labour Market and Social Policies 
830 0 |a OECD Reviews of Labour Market and Social Policies 
610 2 0 |a politika sociálna 
610 2 0 |a trh práce 
610 2 0 |a zamestnanosť 
610 2 0 |a nerovnosť sociálna 
610 2 0 |a chudoba 
610 2 0 |a imigrácia 
610 2 0 |a mzdy minimálne 
610 2 0 |a penzie 
610 2 0 |a politika bytová 
610 2 0 |a Kostarika